00837 2200301 4500001002100000005001700021008004100038020001800079035002400097082001000121090001700131100001400148245010700162260002300269300002500292500004100317500002600358500001100384650001800395700001500413700001800428700002500446850001500471980001300486985000600499999001500505999001500520YOGYA-0209000000314120090227020611.0 ind  a979-8001-49-4 0010-020900000003141 a547.7 a547.7bCow K aCOWD, M.A aKimia polimercM.A. Cowd; editor, J.G. Stark; penerjemah, Harry Firman; penyunting Kosasih Padmawinata aBandungbITBc1981 a103 hlmbilusc21 cm aJudul asli : Cowd, Polymer Chemistry aBibliografi : hlm. 94 aIndeks aKimia Polimer aStark, J.G aFirman, Harry aPadmawinata, Kosasih aYOPDYOG(B) a06-02-01 a2 a97P0095383 a97P0095385